COOKLIN'S GARMENTS TECHNOLOGY FOR FASHION DESIGNERS (Record no. 9920)

MARC details
000 -LEADER
fixed length control field 00395nam a22001577a 4500
003 - CONTROL NUMBER IDENTIFIER
control field SGT
020 ## - INTERNATIONAL STANDARD BOOK NUMBER
International Standard Book Number 978-81-265-3537-8
082 ## - DEWEY DECIMAL CLASSIFICATION NUMBER
Classification number 746.92,HAY
100 ## - MAIN ENTRY--PERSONAL NAME
Personal name HAYES,STEVEN
245 ## - TITLE STATEMENT
Title COOKLIN'S GARMENTS TECHNOLOGY FOR FASHION DESIGNERS
260 ## - PUBLICATION, DISTRIBUTION, ETC. (IMPRINT)
Place of publication, distribution, etc DELHI
Name of publisher, distributor, etc NEW AGE INTERNATIONAL
Year of Publication 2012
300 ## - PAGE DESCRIPTION
No. of Pages 200
650 ## - SUBJECT ADDED ENTRY--TOPICAL TERM
Topical term or geographic name as entry element GARMENT TECHNOLOGY
653 ## - KEYWORDS--INDEX TERM
Keyword term FASHION TECHNOLOGY
942 ## - ADDED ENTRY ELEMENTS (KOHA)
Source of classification or shelving scheme Dewey Decimal Classification
Koha item type Books
942 ## - ADDED ENTRY ELEMENTS (KOHA)
-- 2
Holdings
Withdrawn status Lost status Source of classification or shelving scheme Damaged status Not for loan Home library Current library Shelving location Date acquired Vendor Name Cost, normal purchase price SGTU Bill Number Total Checkouts Full call number Accession No. (Barcode) Date last seen Bill Date Koha item type Date last borrowed
    Dewey Decimal Classification     SGT Science & Social Sciences Library SGT Science & Social Sciences Library Text Book 17/09/2016 ABC DELHI 795.00 SGTU 7131   746.92,HAY FF12 17/09/2016 17/09/2016 Books  
    Dewey Decimal Classification     SGT Science & Social Sciences Library SGT Science & Social Sciences Library Text Book 17/09/2016 ABC DELHI 795.00 SGTU 7131 1 746.92,HAY FF13 16/09/2024 17/09/2016 Books 11/07/2024
    Dewey Decimal Classification     SGT Science & Social Sciences Library SGT Science & Social Sciences Library Text Book 17/09/2016 ABC DELHI 795.00 SGTU 7131 1 746.92,HAY FF14 04/04/2018 17/09/2016 Books 29/03/2018
    Dewey Decimal Classification     SGT Science & Social Sciences Library SGT Science & Social Sciences Library Text Book 17/09/2016 ABC DELHI 795.00 SGTU 7131 2 746.92,HAY FF15 05/03/2024 17/09/2016 Books 13/02/2024
    Dewey Decimal Classification     SGT Science & Social Sciences Library SGT Science & Social Sciences Library Text Book 17/09/2016 ABC DELHI 795.00 SGTU 7131 1 746.92,HAY FF16 26/09/2018 17/09/2016 Books 12/09/2018